| 000 | 00450nam a22001697a 4500 | ||
|---|---|---|---|
| 005 | 20251108165412.0 | ||
| 008 | 250721s1980 xx 000 0 ara d | ||
| 082 | 1 | 4 | _aم/928.1/مي |
| 100 | 1 | _aسعد، فاروق | |
| 245 | 1 | 0 | _aباقات من حدائق مي / |
| 250 | _aط3 | ||
| 264 | 1 |
_aبيروت : _bمنشورات زهير بعلبكي، _c1980. |
|
| 300 | _a891ص | ||
| 650 | 1 | 7 | _aالتراجم |
| 942 |
_2ddc _cREF |
||
| 999 |
_c27034 _d27034 |
||